00414nam a22001457a 450000500170000000800410001702000160005804100130007408200130008710000130010024500420011326000570015530000300021265000260024220240620102917.0240620b |||||||| |||| 00| 0 eng d a040685159X  aEnglish  a349 LAW  lEnglish  aThe All England Law Reports: Reprint  aLondon: bButterworth and Co. Publishers Ltd, c2001 bxx, 1024 pages; c25 cm.  aLegal practice bLaw